[Event "Fynsmesterskabet "]
[Site "Odense"]
[Date "2008.01.10"]
[Round "1"]
[White "Andreasen, Rene"]
[Black "Dyrgaard, Kristoffer"]
[Result "0-1"]
[WhiteElo "1670"]
[BlackElo "2127"]
[PlyCount "78"]
[EventDate "2008.??.??"]
[EventType "swiss"]
[EventRounds "7"]
[EventCountry "DEN"]

1. d4 Nf6 2. Nf3 g6 3. Nbd2 d5 4. e3 Bg7 5. Bd3 O-O 6. O-O b6 7. Re1 Ba6 8.
Bxa6 Nxa6 9. c3 c5 10. Qe2 Nc7 11. Ne5 Ne6 12. f4 Qc8 13. Nf1 Ne4 14. Nd3 Qc6
15. Nf2 f5 16. Nd2 Nc7 17. Nf3 c4 18. Ne5 Bxe5 19. dxe5 Nxf2 20. Qxf2 Ne6 21.
Qh4 Rf7 22. g4 fxg4 23. Qxg4 Nc5 24. Re2 Nd3 25. Rg2 Raf8 26. h4 Kh8 27. Qe2
Qe6 28. b3 b5 29. Bd2 Nc5 30. b4 Ne4 31. a4 a6 32. axb5 axb5 33. Ra5 Qb6 34.
Be1 Rxf4 35. Rxb5 Rf1+ 36. Kh2 Qxb5 37. h5 Qb8 38. Bg3 Nxg3 39. Rxg3 R1f2+ 0-1

[Event "Fynsmesterskabet "]
[Site "Odense"]
[Date "2008.01.10"]
[Round "1"]
[White "Borsen, Claus"]
[Black "Lindenskov, Bjarne"]
[Result "0-1"]
[WhiteElo "1433"]
[BlackElo "1804"]
[PlyCount "58"]
[EventDate "2008.??.??"]
[EventType "swiss"]
[EventRounds "7"]
[EventCountry "DEN"]

1. e4 c5 2. c3 d5 3. exd5 Nf6 4. d4 cxd4 5. cxd4 Nxd5 6. Nc3 e6 7. Nf3 Be7 8.
g3 O-O 9. Bg2 Nc6 10. O-O Bf6 11. Re1 Qb6 12. Ne2 Bd7 13. b3 Rac8 14. Bb2 Ncb4
15. Ne5 Bxe5 16. dxe5 Nc2 17. Qd2 Nxa1 18. Bxa1 Bc6 19. Bd4 Qa6 20. Be4 f5 21.
exf6 Nxf6 22. Bd3 Bb5 23. Bxb5 Qxb5 24. Nc3 Qc6 25. Qe3 e5 26. Bxe5 Ng4 27. Qg5
Nxe5 28. Rxe5 Qxc3 29. Re3 Qd2 0-1

[Event "Fynsmesterskabet "]
[Site "Odense"]
[Date "2008.01.10"]
[Round "1"]
[White "Caceres, Cipriano Sande"]
[Black "Drost, Allan"]
[Result "0-1"]
[WhiteElo "1502"]
[BlackElo "1860"]
[PlyCount "96"]
[EventDate "2008.??.??"]
[EventType "swiss"]
[EventRounds "7"]
[EventCountry "DEN"]

1. c4 e6 2. Nf3 b6 3. Nc3 Bb7 4. e3 Nf6 5. Be2 c5 6. O-O Be7 7. d4 cxd4 8. exd4
d5 9. Bf4 Nc6 10. Ne5 dxc4 11. Nxc6 Bxc6 12. Bxc4 O-O 13. Bd3 Nd5 14. Be3 Nxe3
15. fxe3 Bd6 16. Qg4 f5 17. Qh3 Rf6 18. Bxf5 exf5 19. d5 Rh6 20. Qf3 Bxh2+ 21.
Kf2 Bd7 22. Ke2 Bd6 23. Kd2 Bb4 24. Rf2 Be6 25. Kc2 Bxc3 26. dxe6 Be5 27. Rd1
Rc8+ 28. Kb1 Qc7 29. Qd5 Bf6 30. e7+ Kh8 31. Qd8+ Rxd8 32. Rxd8+ Qxd8 33.
exd8=Q+ Bxd8 34. Rd2 Be7 35. Rd7 Re6 36. Rxa7 g5 37. Ra8+ Kg7 38. Rb8 Bc5 39.
a3 Bxe3 40. Kc2 h5 41. Kd3 Bg1 42. Rc8 g4 43. Rd8 h4 44. Kc4 h3 45. gxh3 gxh3
46. Rd3 h2 47. Rg3+ Rg6 48. Rh3 Rh6 0-1

[Event "Fynsmesterskabet "]
[Site "Odense"]
[Date "2008.01.10"]
[Round "1"]
[White "Furrer, Christian"]
[Black "Sorensen, Alex"]
[Result "1/2-1/2"]
[WhiteElo "1147"]
[BlackElo "1737"]
[PlyCount "69"]
[EventDate "2008.??.??"]
[EventType "swiss"]
[EventRounds "7"]
[EventCountry "DEN"]

1. d4 d5 2. c4 e5 3. e3 exd4 4. exd4 Nc6 5. Be3 Bb4+ 6. Nc3 Nf6 7. a3 Bg4 8.
Nf3 Bxc3+ 9. bxc3 Ne4 10. Qc2 O-O 11. Be2 f5 12. O-O f4 13. Bc1 Rf6 14. h3 Be6
15. Bd3 Bxh3 16. Bxe4 dxe4 17. Qxe4 Be6 18. Bxf4 Bxc4 19. Rfe1 Bd5 20. Qe3 Qf8
21. Bg5 Re6 22. Qd3 Rae8 23. Re3 Rxe3 24. Bxe3 Bxf3 25. gxf3 Qxf3 26. Re1 Re4
27. Qd1 Qh3 28. f3 Qg3+ 29. Kf1 Rh4 30. Bf2 Qh3+ 31. Ke2 Qe6+ 32. Kd2 Qa2+ 33.
Qc2 Qxc2+ 34. Kxc2 Rf4 35. Re3 1/2-1/2

[Event "Fynsmesterskabet "]
[Site "Odense"]
[Date "2008.01.10"]
[Round "1"]
[White "Furrer, Heinz"]
[Black "Frimodt, Michael"]
[Result "1-0"]
[WhiteElo "1779"]
[BlackElo "1416"]
[PlyCount "55"]
[EventDate "2008.??.??"]
[EventType "swiss"]
[EventRounds "7"]
[EventCountry "DEN"]

1. d4 d5 2. c4 e6 3. Nc3 Nf6 4. Bg5 Be7 5. e3 c6 6. Nf3 Nbd7 7. Qc2 Qc7 8. Rc1
O-O 9. Be2 Re8 10. O-O dxc4 11. Bxc4 Nb6 12. Bd3 h6 13. Bh4 Nfd5 14. Bg3 Qd8
15. a3 Bd7 16. Ne4 Nf6 17. Ne5 Rc8 18. Nc5 Bxc5 19. dxc5 Nbd5 20. e4 Nc7 21.
Nc4 Nb5 22. Qd1 Nh7 23. e5 Rb8 24. a4 Nc7 25. Nd6 Rf8 26. Qc2 g6 27. b4 Nd5 28.
Qc4 1-0

[Event "Fynsmesterskabet "]
[Site "Odense"]
[Date "2008.01.10"]
[Round "1"]
[White "Hansen, Rene Rauer"]
[Black "Jensen, Jens Skjoldborg"]
[Result "1-0"]
[WhiteElo "1876"]
[BlackElo "1503"]
[PlyCount "67"]
[EventDate "2008.??.??"]
[EventType "swiss"]
[EventRounds "7"]
[EventCountry "DEN"]

1. c4 e5 2. Nc3 Nf6 3. g3 d5 4. cxd5 Nxd5 5. Bg2 Nxc3 6. bxc3 Bd6 7. e4 O-O 8.
Ne2 Nc6 9. O-O Be6 10. d4 Bc4 11. Be3 Rb8 12. f4 exf4 13. Bxf4 Bxf4 14. gxf4
Qh4 15. Rf2 f5 16. e5 Ne7 17. Ng3 Nd5 18. Qc1 Rbe8 19. Bxd5+ Bxd5 20. c4 Be4
21. Qe3 Qg4 22. Qe2 Qxe2 23. Nxe2 Bd3 24. Rc1 Bxe2 25. Rxe2 Re6 26. d5 Rg6+ 27.
Kf1 Kf7 28. c5 Rd8 29. Rd1 c6 30. e6+ Ke7 31. d6+ Ke8 32. Rb1 Rb8 33. e7 Kd7
34. Rxb7+ 1-0

[Event "Fynsmesterskabet "]
[Site "Odense"]
[Date "2008.01.10"]
[Round "1"]
[White "Kristensen, Dan Wulff"]
[Black "Rostgaard, Tobias Valentin"]
[Result "0-1"]
[WhiteElo "1428"]
[BlackElo "1798"]
[PlyCount "50"]
[EventDate "2008.??.??"]
[EventType "swiss"]
[EventRounds "7"]
[EventCountry "DEN"]

1. e4 c6 2. f4 e5 3. Nf3 d6 4. fxe5 dxe5 5. Bc4 Bc5 6. d3 Nf6 7. Bg5 O-O 8. Qd2
Nbd7 9. h4 b5 10. Bb3 Qb6 11. h5 Ng4 12. d4 Bxd4 13. Nxd4 Qxd4 14. Qxd4 exd4
15. O-O Nc5 16. Be7 Nxb3 17. axb3 Re8 18. Bc5 Rxe4 19. Nd2 Re2 20. Rad1 Ne3 21.
Rfe1 Rxg2+ 22. Kh1 Bg4 23. Rxe3 dxe3 24. Kxg2 Bxd1 25. Bxe3 Re8 0-1

[Event "Fynsmesterskabet "]
[Site "Odense"]
[Date "2008.01.10"]
[Round "1"]
[White "Moestrup, Jorn"]
[Black "Cappelen, Niels Henrik"]
[Result "1-0"]
[WhiteElo "2032"]
[BlackElo "1634"]
[PlyCount "79"]
[EventDate "2008.??.??"]
[EventType "swiss"]
[EventRounds "7"]
[EventCountry "DEN"]

1. Nf3 d5 2. d4 Nf6 3. c4 c6 4. Nc3 e6 5. e3 Nbd7 6. Bd3 dxc4 7. Bxc4 Nb6 8.
Bd3 Nbd5 9. e4 Nxc3 10. bxc3 Be7 11. O-O O-O 12. Bg5 h6 13. Bh4 Qc7 14. Qe2 Nh5
15. Bxe7 Qxe7 16. Qe3 Qf6 17. g3 g6 18. Ne5 Qg7 19. f4 Rd8 20. f5 exf5 21. exf5
Re8 22. Qf3 Qf6 23. fxg6 Qxf3 24. Rxf3 f6 25. Nf7 Kg7 26. Nd6 Bg4 27. Nxe8+
Rxe8 28. Rf2 Re3 29. Bf5 Bxf5 30. Rxf5 Kxg6 31. Raf1 Re4 32. Kg2 Re6 33. Ra5 a6
34. Kf2 f5 35. Re1 Rd6 36. Re7 Nf6 37. Rxb7 Ne4+ 38. Ke3 Nxc3 39. Rxa6 Nb5 40.
Rxb5 1-0

[Event "Fynsmesterskabet "]
[Site "Odense"]
[Date "2008.01.10"]
[Round "1"]
[White "Nielsen, Jan"]
[Black "Nykjaer, Jess"]
[Result "0-1"]
[WhiteElo "1416"]
[BlackElo "1769"]
[PlyCount "81"]
[EventDate "2008.??.??"]
[EventType "swiss"]
[EventRounds "7"]
[EventCountry "DEN"]

1. e4 c5 2. Nf3 e6 3. Nc3 a6 4. a3 Qc7 5. Bc4 d6 6. d3 Nf6 7. h3 Be7 8. Bf4
Nbd7 9. Qc1 b5 10. Ba2 Bb7 11. O-O O-O 12. Re1 Qc6 13. Qd2 Rad8 14. Re3 Nb6 15.
Rae1 e5 16. Bh2 h6 17. Nh4 Bc8 18. Ng6 Rfe8 19. Nxe7+ Rxe7 20. f4 Kh7 21. Qf2
b4 22. axb4 cxb4 23. Nd1 Qc5 24. Rf3 Qxf2+ 25. Nxf2 Rf8 26. fxe5 dxe5 27. Bg3
Nbd7 28. Bh4 g5 29. Bg3 Kg7 30. Nd1 Nh5 31. Ne3 Nxg3 32. Rxg3 Nb6 33. h4 f6 34.
Rf1 Rd8 35. hxg5 hxg5 36. Nd5 Nxd5 37. Bxd5 Rc7 38. Bc4 Bb7 39. b3 Rc5 40. Ra1
a5 41. Ra2 0-1

[Event "Fynsmesterskabet "]
[Site "Odense"]
[Date "2008.01.10"]
[Round "1"]
[White "Nielsen, Theis"]
[Black "Friis, Carsten Bank"]
[Result "0-1"]
[WhiteElo "1693"]
[BlackElo "2270"]
[PlyCount "62"]
[EventDate "2008.??.??"]
[EventType "swiss"]
[EventRounds "7"]
[EventCountry "DEN"]

1. e4 e5 2. Nf3 Nc6 3. d4 exd4 4. Nxd4 Bc5 5. Nb3 Bb6 6. Nc3 Nf6 7. Bg5 h6 8.
Bh4 d6 9. Qd2 Nxe4 10. Qf4 Ng5 11. O-O-O Ne6 12. Bxd8 Nxf4 13. Bh4 Be6 14. Bb5
Nxg2 15. Bg3 g5 16. Nd4 Bxd4 17. Bxc6+ bxc6 18. Rxd4 Bh3 19. Rhd1 O-O-O 20. Ra4
Kb7 21. Rdd4 c5 22. Re4 Bd7 23. Ra3 f5 24. Re2 Rde8 25. Rb3+ Kc8 26. f3 Rxe2
27. Nxe2 Re8 28. Kd2 Bc6 29. c4 h5 30. Rd3 h4 31. Bf2 Rxe2+ 0-1

[Event "Fynsmesterskabet "]
[Site "Odense"]
[Date "2008.01.10"]
[Round "1"]
[White "Pallesen, Jorn"]
[Black "Hansen, Mads"]
[Result "0-1"]
[WhiteElo "1514"]
[BlackElo "1880"]
[PlyCount "62"]
[EventDate "2008.??.??"]
[EventType "swiss"]
[EventRounds "7"]
[EventCountry "DEN"]

1. e4 c5 2. Nf3 Nc6 3. Nc3 e6 4. d4 cxd4 5. Nxd4 Nf6 6. Ndb5 d6 7. Be3 a6 8.
Nd4 e5 9. Nf3 b5 10. a3 Rb8 11. b4 Bb7 12. Bd3 Qc8 13. Ne2 Ne7 14. Nd2 d5 15.
f3 Ng6 16. O-O Be7 17. Rc1 O-O 18. Bf2 Qd7 19. Ng3 Rfd8 20. Bb6 Re8 21. Bf2
Rbc8 22. exd5 Bxd5 23. Bf5 Be6 24. Bxe6 Qxe6 25. Nde4 Nd5 26. Nc5 Bxc5 27. bxc5
Red8 28. Qe1 Ngf4 29. Ne4 Nxg2 30. Kxg2 Nf4+ 31. Kh1 Qh3 0-1

[Event "Fynsmesterskabet "]
[Site "Odense"]
[Date "2008.01.10"]
[Round "1"]
[White "Pedersen, Jan Nordenbaek"]
[Black "Hamann, Brian"]
[Result "1-0"]
[WhiteElo "2223"]
[BlackElo "1687"]
[PlyCount "91"]
[EventDate "2008.??.??"]
[EventType "swiss"]
[EventRounds "7"]
[EventCountry "DEN"]

1. d4 d5 2. c4 e6 3. Nc3 Nf6 4. Nf3 Be7 5. Qc2 O-O 6. g3 a6 7. Bg2 Nbd7 8. c5
c6 9. O-O e5 10. dxe5 Ng4 11. e4 dxe4 12. Nxe4 Ngxe5 13. Nxe5 Nxe5 14. Rd1 Qc7
15. Bf4 Be6 16. Qc3 f6 17. Ng5 Qc8 18. Bxe5 fxe5 19. Qxe5 Bxg5 20. Qxg5 Qc7 21.
Rd6 Qf7 22. Qd2 Rae8 23. b4 Re7 24. Re1 Rfe8 25. Rd8 Rxd8 26. Qxd8+ Re8 27. Qd2
Rf8 28. a3 Qf6 29. Be4 Rd8 30. Qe3 Bf7 31. h4 Re8 32. Qd2 Rd8 33. Qc2 h6 34.
Rd1 Rxd1+ 35. Qxd1 Qe7 36. Qd4 Qe8 37. f3 Qc8 38. Kg2 Be6 39. Qd6 Bh3+ 40. Kf2
Be6 41. Qe7 Qd7 42. Qxd7 Bxd7 43. Ke3 Kf7 44. Kf4 Kf6 45. h5 Bc8 46. g4 1-0

[Event "Fynsmesterskabet "]
[Site "Odense"]
[Date "2008.01.10"]
[Round "1"]
[White "Ploug, Kurt"]
[Black "Nielsen, Villy"]
[Result "1-0"]
[WhiteElo "1701"]
[BlackElo "1128"]
[PlyCount "75"]
[EventDate "2008.??.??"]
[EventType "swiss"]
[EventRounds "7"]
[EventCountry "DEN"]

1. e4 e5 2. Nf3 Nf6 3. Nc3 Nc6 4. Bc4 h6 5. a3 d6 6. O-O Bg4 7. h3 Bxf3 8. Qxf3
Nd4 9. Qd3 Be7 10. Qg3 Nh5 11. Qg4 g6 12. d3 Nxc2 13. Rb1 Nd4 14. Nd5 Nf6 15.
Nxf6+ Bxf6 16. Be3 h5 17. Qd1 Nc6 18. Qb3 Qd7 19. Bxf7+ Ke7 20. Bxg6 Kd8 21.
Bf5 Qe8 22. Qxb7 Rb8 23. Qa6 Ke7 24. Rfc1 Rb6 25. Bxb6 axb6 26. Qb7 Nd8 27.
Qxc7+ Kf8 28. Qxd6+ Kg7 29. Rc7+ Nf7 30. Rbc1 Qd8 31. Rd7 Qe8 32. Rcc7 Rf8 33.
Be6 Kg6 34. Rxf7 Qd8 35. Qxf8 Qxf8 36. Rxf8 b5 37. Rg8+ Kh6 38. Bf5 1-0

[Event "Fynsmesterskabet "]
[Site "Odense"]
[Date "2008.01.10"]
[Round "1"]
[White "Rasmussen, Erling"]
[Black "Hansen, Martin Strandby"]
[Result "0-1"]
[WhiteElo "1648"]
[BlackElo "2072"]
[PlyCount "64"]
[EventDate "2008.??.??"]
[EventType "swiss"]
[EventRounds "7"]
[EventCountry "DEN"]

1. g4 d5 2. Bg2 Bxg4 3. c4 c6 4. cxd5 cxd5 5. Qb3 Nf6 6. Qxb7 Nbd7 7. Nc3 Rb8
8. Qxa7 e6 9. d4 Bd6 10. Qa6 Rb6 11. Qd3 Bf5 12. e4 dxe4 13. Nxe4 Bb4+ 14. Kf1
Nxe4 15. Bxe4 Nc5 16. dxc5 Qxd3+ 17. Bxd3 Bxd3+ 18. Ne2 Bxc5 19. Ke1 O-O 20.
Rg1 e5 21. b3 Rc8 22. Rg2 f5 23. Bb2 Bb4+ 24. Kf1 Bxe2+ 25. Kxe2 Rc2+ 26. Kf1
Rxb2 27. Rg3 e4 28. a4 Bc5 29. a5 R6xb3 30. a6 Rxf2+ 31. Ke1 Rxg3 32. hxg3 Rh2
0-1

[Event "Fynsmesterskabet "]
[Site "Odense"]
[Date "2008.01.10"]
[Round "1"]
[White "Rasmussen, Knud Aage"]
[Black "Lindegaard, Carsten"]
[Result "1-0"]
[WhiteElo "1741"]
[BlackElo "1256"]
[PlyCount "65"]
[EventDate "2008.??.??"]
[EventType "swiss"]
[EventRounds "7"]
[EventCountry "DEN"]

1. Nf3 d5 2. c4 c6 3. b3 Nf6 4. Bb2 e6 5. g3 Nbd7 6. Bg2 Be7 7. O-O O-O 8. d4
Ne4 9. Nbd2 Nxd2 10. Nxd2 Nf6 11. Rc1 Bd7 12. h3 h6 13. a3 Nh7 14. e4 Bc8 15.
e5 f6 16. exf6 Bxf6 17. f4 Qe8 18. g4 Qg6 19. Nf3 Be7 20. Ne5 Qe8 21. Qd3 Rf6
22. cxd5 exd5 23. Rce1 Nf8 24. f5 b6 25. Nxc6 Qxc6 26. Rxe7 a5 27. Re5 Ba6 28.
Qe3 Bxf1 29. Bxd5+ Qxd5 30. Rxd5 Ba6 31. Re5 Kh7 32. d5 Nd7 33. Re7 1-0

[Event "Fynsmesterskabet "]
[Site "Odense"]
[Date "2008.01.10"]
[Round "1"]
[White "Schmidt, Jorn"]
[Black "Frederiksen, Jens"]
[Result "1-0"]
[WhiteElo "1801"]
[BlackElo "1431"]
[PlyCount "123"]
[EventDate "2008.??.??"]
[EventType "swiss"]
[EventRounds "7"]
[EventCountry "DEN"]

1. f4 d5 2. g3 Nf6 3. Bg2 c6 4. Nf3 g6 5. O-O Bg7 6. d3 Bg4 7. Ne5 Bf5 8. Qe1
O-O 9. Nd2 Na6 10. e4 dxe4 11. dxe4 Bc8 12. c3 Nc5 13. Qe2 Qc7 14. Nb3 Nxb3 15.
axb3 Qb6+ 16. Be3 Qxb3 17. Ra3 Qe6 18. Rxa7 Rxa7 19. Bxa7 h5 20. Qc2 Ne8 21.
Nd3 Qd7 22. Bb6 Nd6 23. Nc5 Qe8 24. e5 Nc4 25. Bc7 Ne3 26. Qb3 Nxf1 27. Kxf1
Kh7 28. e6 fxe6 29. Nxe6 Rf6 30. Ng5+ Kh6 31. Kg1 Rf5 32. Be4 Rb5 33. Qc2 Bf5
34. Bxf5 Rxf5 35. g4 hxg4 36. Qf2 Rxg5 37. fxg5+ Kh7 38. Qh4+ Kg8 39. Qxg4 e6
40. Qe4 Kh7 41. Be5 Qe7 42. h4 Qd7 43. Qd4 Qxd4+ 44. Bxd4 e5 45. Bc5 Kg8 46.
Kf2 Kf7 47. Ke3 Ke6 48. Ke4 Bh8 49. c4 Bg7 50. b4 Bh8 51. b5 cxb5 52. cxb5 Bg7
53. Bb4 Bh8 54. Bf8 b6 55. Bh6 Kd6 56. Bf8+ Ke6 57. Bb4 Bg7 58. Be1 Bf8 59. Bf2
Bc5 60. Bxc5 bxc5 61. b6 Kd6 62. h5 1-0

[Event "Fynsmesterskabet "]
[Site "Odense"]
[Date "2008.01.10"]
[Round "1"]
[White "Sorensen, Per Smidt"]
[Black "Kiel, Jorgen"]
[Result "1-0"]
[WhiteElo "2017"]
[BlackElo "1621"]
[PlyCount "91"]
[EventDate "2008.??.??"]
[EventType "swiss"]
[EventRounds "7"]
[EventCountry "DEN"]

1. Nf3 c5 2. e4 Nc6 3. d4 cxd4 4. Nxd4 g6 5. c4 Bg7 6. Be3 d6 7. Nc3 Nf6 8. Be2
O-O 9. O-O Bd7 10. Rc1 a6 11. f3 Rc8 12. Qd2 Nxd4 13. Bxd4 Be6 14. b3 Ne8 15.
Be3 Qa5 16. Nd5 Qd8 17. Nb6 Rc6 18. Qb4 Nf6 19. Rfd1 Nd7 20. Na4 Qc7 21. Nc3
Qb8 22. Bf1 f5 23. exf5 Rxf5 24. Ne2 Rf7 25. Nd4 Bxd4 26. Bxd4 Nc5 27. Ba1 h6
28. Qc3 Kh7 29. b4 Na4 30. Qe3 Bd7 31. Bd3 Bf5 32. Bxf5 gxf5 33. Qe6 Qg8 34.
Qd5 Nb6 35. Qd4 e5 36. Qd3 Qg6 37. c5 Nc8 38. cxd6 Rxc1 39. Rxc1 Nxd6 40. Bxe5
Nb5 41. Rc8 Qb6+ 42. Kf1 Qe6 43. Rh8+ Kg6 44. f4 Qe7 45. Qg3+ Kh5 46. Qh3+ 1-0

[Event "Fynsmesterskabet "]
[Site "Odense"]
[Date "2008.01.21"]
[Round "1"]
[White "Veise, Svend"]
[Black "Jorgensen, Peter Frank"]
[Result "1-0"]
[WhiteElo "1835"]
[BlackElo "1493"]
[PlyCount "63"]
[EventDate "2008.??.??"]
[EventType "swiss"]
[EventRounds "7"]
[EventCountry "DEN"]

1. d4 d5 2. Bf4 Nf6 3. e3 Bf5 4. Bd3 Bg4 5. Nf3 Nc6 6. Nbd2 e6 7. h3 Bh5 8. c3
Be7 9. Bb5 O-O 10. Qa4 Nb8 11. O-O Bg6 12. Ne5 Bf5 13. Rfe1 c6 14. Bd3 Bxd3 15.
Nxd3 Nbd7 16. Qc2 Rc8 17. b4 b6 18. Rec1 c5 19. Qb2 Ne4 20. b5 Bg5 21. Bxg5
Qxg5 22. Nf3 Qf5 23. Nde5 Nxe5 24. Nxe5 cxd4 25. cxd4 Nd6 26. Rxc8 Rxc8 27. Rc1
Nc4 28. Qb3 Nd6 29. Rxc8+ Nxc8 30. Qc3 Nd6 31. Qc6 Qb1+ 32. Kh2 1-0

[Event "Fynsmesterskabet "]
[Site "Odense"]
[Date "2008.01.24"]
[Round "2"]
[White "Cappelen, Niels Henrik"]
[Black "Kristensen, Dan Wulff"]
[Result "1-0"]
[WhiteElo "1634"]
[BlackElo "1428"]
[PlyCount "43"]
[EventDate "2008.??.??"]
[EventType "swiss"]
[EventRounds "7"]
[EventCountry "DEN"]

1. e4 e5 2. Nf3 Nc6 3. Bc4 Nf6 4. d3 h6 5. O-O Bc5 6. c3 d6 7. b4 Bb6 8. Be3
Bg4 9. Nbd2 g5 10. a4 Nh5 11. Qb3 Rh7 12. a5 Bxe3 13. fxe3 Nf4 14. exf4 gxf4
15. b5 Ne7 16. b6 h5 17. bxc7 Qxc7 18. Ng5 Rg7 19. Bxf7+ Kd8 20. Ne6+ Bxe6 21.
Qxe6 Nc8 22. Qe8# 1-0

[Event "Fynsmesterskabet "]
[Site "Odense"]
[Date "2008.01.24"]
[Round "2"]
[White "Drost, Allan"]
[Black "Pedersen, Jan Nordenbaek"]
[Result "0-1"]
[WhiteElo "1860"]
[BlackElo "2223"]
[PlyCount "50"]
[EventDate "2008.??.??"]
[EventType "swiss"]
[EventRounds "7"]
[EventCountry "DEN"]

1. e4 c5 2. Nf3 e6 3. Nc3 Nc6 4. g3 d6 5. Bg2 Nf6 6. O-O Be7 7. d3 O-O 8. Ne1
d5 9. f4 dxe4 10. Nxe4 Qc7 11. Be3 b6 12. c3 Bb7 13. f5 exf5 14. Rxf5 Nxe4 15.
Bxe4 g6 16. Bh6 gxf5 17. Bxf5 Ne5 18. Bf4 Bd6 19. Qh5 Ng6 20. Bg5 Rfe8 21. Ng2
Qc6 22. Be4 Rxe4 23. dxe4 Qxe4 24. Ne3 Qh1+ 25. Kf2 Qxa1 0-1

[Event "Fynsmesterskabet "]
[Site "Odense"]
[Date "2008.01.24"]
[Round "2"]
[White "Dyrgaard, Kristoffer"]
[Black "Veise, Svend"]
[Result "1-0"]
[WhiteElo "2127"]
[BlackElo "1835"]
[PlyCount "43"]
[EventDate "2008.??.??"]
[EventType "swiss"]
[EventRounds "7"]
[EventCountry "DEN"]

1. e4 c6 2. c4 d5 3. cxd5 cxd5 4. exd5 Qxd5 5. Nc3 Qa5 6. d4 e6 7. Nf3 Nf6 8.
Bd3 Be7 9. O-O O-O 10. Re1 Qd8 11. Bc2 Nbd7 12. Bf4 Nb6 13. Qd3 g6 14. Bh6 Re8
15. Ne5 Nbd7 16. Rad1 a6 17. Qh3 Nf8 18. Bb3 Bd7 19. Qf3 Bc6 20. d5 exd5 21.
Nxd5 Ne6 22. Nxc6 1-0

[Event "Fynsmesterskabet "]
[Site "Odense"]
[Date "2008.01.24"]
[Round "2"]
[White "Frantsen, Tom"]
[Black "Furrer, Christian"]
[Result "1-0"]
[WhiteElo "1779"]
[BlackElo "1147"]
[PlyCount "51"]
[EventDate "2008.??.??"]
[EventType "swiss"]
[EventRounds "7"]
[EventCountry "DEN"]

1. e4 c5 2. Nf3 d6 3. c3 Nc6 4. d4 cxd4 5. cxd4 e6 6. Nc3 Nf6 7. Bd3 Be7 8. O-O
O-O 9. Qe2 d5 10. e5 Ne8 11. a3 a6 12. Bc2 g6 13. Bh6 Ng7 14. Na4 b6 15. Rfc1
Bb7 16. b4 Re8 17. Qd3 Nf5 18. Bf4 Bf8 19. g4 Ng7 20. h4 b5 21. Nc5 Bxc5 22.
dxc5 Rf8 23. Bg5 Qd7 24. Qd2 Rfb8 25. Bf6 Qc8 26. Qh6 1-0

[Event "Fynsmesterskabet "]
[Site "Odense"]
[Date "2008.01.24"]
[Round "2"]
[White "Frederiksen, Jens"]
[Black "Rasmussen, Erling"]
[Result "1/2-1/2"]
[WhiteElo "1431"]
[BlackElo "1648"]
[PlyCount "62"]
[EventDate "2008.??.??"]
[EventType "swiss"]
[EventRounds "7"]
[EventCountry "DEN"]

1. c4 Nf6 2. Nf3 d6 3. g3 e5 4. Nc3 Bg4 5. Bg2 c6 6. O-O Qd7 7. Re1 Na6 8. d3
O-O-O 9. Be3 Kb8 10. a3 Nc5 11. b4 e4 12. dxe4 Ncxe4 13. Nxe4 Nxe4 14. Qd4 Qe7
15. Qxa7+ Kc8 16. Qa8+ Kd7 17. Qxb7+ Ke8 18. Qxe7+ Bxe7 19. Nd4 Nc3 20. f3 Bd7
21. a4 c5 22. bxc5 dxc5 23. Nb5 Bf6 24. Bxc5 Nxb5 25. axb5 Bxa1 26. Rxa1 Rc8
27. Bf2 Rxc4 28. b6 Ke7 29. f4 Rb8 30. Bd5 Rc2 31. Bf3 Bc6 1/2-1/2

[Event "Fynsmesterskabet "]
[Site "Odense"]
[Date "2008.01.24"]
[Round "2"]
[White "Friis, Carsten Bank"]
[Black "Hansen, Rene Rauer"]
[Result "1-0"]
[WhiteElo "2270"]
[BlackElo "1876"]
[PlyCount "49"]
[EventDate "2008.??.??"]
[EventType "swiss"]
[EventRounds "7"]
[EventCountry "DEN"]

1. c4 g6 2. Nc3 Bg7 3. g3 Nf6 4. Bg2 O-O 5. b4 e5 6. Bb2 d6 7. d3 Nc6 8. a3 Rb8
9. Nf3 Bd7 10. O-O Ne7 11. Qb3 h6 12. Rfd1 a6 13. d4 exd4 14. Nxd4 Qe8 15. b5
axb5 16. Ndxb5 Qc8 17. Rac1 Bc6 18. e4 Nd7 19. Nd5 Nxd5 20. Bxg7 Kxg7 21. Nxd6
Qd8 22. cxd5 cxd6 23. dxc6 bxc6 24. Qc3+ Nf6 25. e5 1-0

[Event "Fynsmesterskabet "]
[Site "Odense"]
[Date "2008.01.24"]
[Round "2"]
[White "Furrer, Heinz"]
[Black "Sorensen, Per Smidt"]
[Result "0-1"]
[WhiteElo "1779"]
[BlackElo "2017"]
[PlyCount "66"]
[EventDate "2008.??.??"]
[EventType "swiss"]
[EventRounds "7"]
[EventCountry "DEN"]

1. Nf3 Nf6 2. g3 g6 3. Bg2 Bg7 4. c4 c5 5. O-O O-O 6. Nc3 Nc6 7. e3 d6 8. d3
Bd7 9. Bd2 Rb8 10. Qc1 a6 11. Ne1 b5 12. cxb5 axb5 13. Nc2 b4 14. Nd1 Qb6 15.
b3 Rfc8 16. Nb2 Na5 17. Ne1 Ne8 18. f4 Nc6 19. Qc2 Qa6 20. Nf3 Nc7 21. Nc4 Nb5
22. Rad1 Ra8 23. Rf2 Qxa2 24. Qxa2 Rxa2 25. Nb6 Rd8 26. Nxd7 Rxd7 27. Ng5 Nd8
28. Be1 Rda7 29. Ne4 Ne6 30. Bf1 Nec7 31. g4 Ra1 32. Rxa1 Rxa1 33. Bd2 Rb1 0-1

[Event "Fynsmesterskabet "]
[Site "Odense"]
[Date "2008.01.24"]
[Round "2"]
[White "Hamann, Brian"]
[Black "Caceres, Cipriano Sande"]
[Result "1-0"]
[WhiteElo "1687"]
[BlackElo "1502"]
[PlyCount "63"]
[EventDate "2008.??.??"]
[EventType "swiss"]
[EventRounds "7"]
[EventCountry "DEN"]

1. d4 Nf6 2. Nf3 e6 3. c4 d5 4. Nc3 c6 5. Bg5 Be7 6. e3 Nbd7 7. cxd5 exd5 8.
Bd3 O-O 9. Qc2 Re8 10. Rc1 g6 11. O-O Nf8 12. Ne5 Nh5 13. Bh6 Ng7 14. Bxg7 Kxg7
15. f4 f5 16. Rf3 Qd6 17. Rg3 Bd8 18. Bxf5 Bxf5 19. Qxf5 Qf6 20. Qg4 h6 21. Rf1
Re7 22. h4 Kh7 23. f5 g5 24. hxg5 Qxg5 25. Qxg5 hxg5 26. Rxg5 Kh6 27. Rg3 Rh7
28. Kf2 Bh4 29. Rh1 Kh5 30. Ke2 Re8 31. Rg4 Ng6 32. fxg6 1-0

[Event "Fynsmesterskabet "]
[Site "Odense"]
[Date "2008.01.24"]
[Round "2"]
[White "Hansen, Mads"]
[Black "Hust, Christian Winther"]
[Result "1-0"]
[WhiteElo "1880"]
[BlackElo "1593"]
[PlyCount "95"]
[EventDate "2008.??.??"]
[EventType "swiss"]
[EventRounds "7"]
[EventCountry "DEN"]

1. e4 c5 2. Nc3 a6 3. g3 g6 4. Bg2 Bg7 5. d3 Nc6 6. Be3 d6 7. Nge2 e5 8. Qd2
Nf6 9. h3 h5 10. f4 Nd4 11. Nd1 Bd7 12. c3 Nxe2 13. Qxe2 Bc6 14. fxe5 Nh7 15.
exd6 Qxd6 16. Bf4 Qd7 17. Nf2 O-O 18. O-O Qe7 19. Rad1 f5 20. h4 fxe4 21. Bxe4
Rae8 22. Qc2 Rxf4 23. gxf4 Qxh4 24. Bxc6 bxc6 25. Ne4 Nf6 26. Qf2 Qg4+ 27. Qg2
Qxg2+ 28. Kxg2 Nxe4 29. dxe4 Rxe4 30. Kf3 Re7 31. Rd6 g5 32. fxg5 Rf7+ 33. Ke2
Re7+ 34. Kd2 Be5 35. Rxc6 Bg3 36. Rg6+ Rg7 37. Rxg7+ Kxg7 38. Ke2 h4 39. Kf3
Kg6 40. Kg4 Bb8 41. Rf6+ Kg7 42. Rxa6 Bg3 43. Rc6 Bf2 44. Kf5 h3 45. Rc7+ Kg8
46. Kg6 Kf8 47. Rc8+ Ke7 48. Rh8 1-0

[Event "Fynsmesterskabet "]
[Site "Odense"]
[Date "2008.01.24"]
[Round "2"]
[White "Hansen, Martin Strandby"]
[Black "Schmidt, Jorn"]
[Result "1-0"]
[WhiteElo "2072"]
[BlackElo "1801"]
[PlyCount "47"]
[EventDate "2008.??.??"]
[EventType "swiss"]
[EventRounds "7"]
[EventCountry "DEN"]

1. d4 f5 2. c4 Nf6 3. Nc3 e6 4. g3 Bb4 5. Qb3 Nc6 6. Nf3 Qe7 7. a3 Bxc3+ 8.
Qxc3 Ne4 9. Qc2 O-O 10. b4 d6 11. Bb2 e5 12. dxe5 Nxe5 13. Nxe5 dxe5 14. Bg2
Nf6 15. Qc3 Re8 16. O-O e4 17. Rfd1 Bd7 18. a4 Rad8 19. b5 Qf7 20. e3 Be6 21.
Bf1 Rxd1 22. Rxd1 Nd7 23. Be2 Nb6 24. Bh5 1-0